01315nam a2200265 a 450000100060000000300080000600500170001400800410003102000160007203500190008804000320010704100080013908200380014711000770018524503140026224601490057626000500072530000380077549000260081365100530083965100710089270000250096371000350098883000260102364225BD-RjUL20211209081301.0170126s1963 pk s o00| 0 eng  c: PRs. 3.50 a(BD-RjUL)64355 aDLCcDLCdDLCdBD-RjULbeng aeng a304.609549021223bMIA 1963 (DCR) aPakistan.bMinistry of Home and Kashmir Affairs (Home Affairs Division).10aPopulation census of Pakistan, 1961 : bDistrict census report, Mianwali. Parts I-V : General description, general tables, housing tables, population tables, and village statistics / cPakistan. Ministry of Home and Kashmir Affairs (Home Affairs Division) ; Census organization (Pakistan) ; A. Rashid, [comp.] aDistrict census report, Mianwali :bParts I-V : General description, general tables, housing tables, population tables, and village statistics.  aKarachi : bManager of publications,c[1963]. avarious pagings :bIll. ;c25 cm. acensus, 61 ;vNo. 119 aPakistan (West Pakistan)zMianwalivCensus, 1961 aPakistan (West Pakistan)zMianwalixPopulation vStatistics y1961 aRashid, A. , [comp.] aCensus organization (Pakistan) acensus, 61 ;vNo. 119